Types de carburants couramment utilisés - Statistiques

Statistiques générales
  • Ce quiz a été pris 29 fois
    5 depuis la dernière actualisation
  • Le résultat moyen est 6 sur 15
Statistiques - réponses
Réponse % Correct
Diesel
100%
Essence
100%
Gaz de pétrole liquéfié (GPL)
67%
Biodiesel
33%
Bioéthanol
33%
Biogaz
33%
Bio-kérosène
33%
Butane
33%
Electricité
33%
Fioul léger
33%
Fioul lourd
33%
Gaz naturel véhicule (GNV)
33%
Kérosène
33%
Propane
33%
Hydrogène
0%
Aucun quiz correspondant
Distribution des résultats
% des personnes avec chaque résultat
Percentile par nombre de réponses
Votre historique - résultats
Vous n’avez pas pris ce quiz depuis la dernière actualisation